Quiz o Euro 2024-trudny - Statystyki

Ogólne statystyki
  • Ten quiz został rozwiązany 72 razy
  • Średni wynik to 10 z 14
Statystyki odpowiedzi
Zagadnienie Odpowiedź % Poprawnych
Jaki był pierwszy mecz na Euro? Niemcy-Szkocja
100%
Kto nie strzelił bramki w meczu Hiszpania-Francja Cole Palmer
92%
Jakim wynikiem Polska zremisowała z Francją 1-1
85%
Jakim wynikiem zakończył się mecz Hiszpania-Gruzja w 1/8 finału? 4-1 Hiszpania
85%
Kogo pokonała Holandia w ćwierćfinale? Turcję
85%
Czy Chorwacja wygrała jakiś mecz na Euro? Nie wygrała
77%
Który kraj nie był w grupie C ? Węgry
77%
Które miejsce zajęła Polska na Euro? 23
62%
Kto strzelił pierwszego gola na Euro? Florian Wirtz
62%
Podczas którego meczu rozdano czerwona kartkę? Czechy-Turcja
54%
W której grupie wszystkie kraje zdobyły po 4 punkty? E
54%
Który kraj zajął pierwsze miejsce w grupie E ? Rumunia
54%
Ile państw zdobyło 9 punktów w grupie? 1
46%
W którym meczu Polska otrzymała najwięcej żółtych kartek? Z Austrią
31%
Nie znaleziono quizów pasujących do podanych kryteriów
Rozkład punktacji
Procent ludzi z każdym wynikiem
Percentyl według liczby udzielonych odpowiedzi
Twoja historia wyników
Nie rozwiązałeś tego quizu